Cyclisme : top 3 de chaque étape de la Vuelta / du Tour d'Espagne 2022 - Statistiques

Statistiques générales
  • Ce quiz a été pris 298 fois
  • Le résultat moyen est 26 sur 60
Statistiques - réponses
Étapes Pos Coureur % Correct
Étape 10 1er Remco Evenepoel
95%
Étape 18 1er Remco Evenepoel
95%
2ème Remco Evenepoel
95%
Étape 4 1er Primoz Roglic
93%
2ème Primoz Roglic
93%
3ème Primoz Roglic
93%
2ème Enric Mas
77%
2ème Enric Mas
77%
3ème Enric Mas
77%
3ème Enric Mas
77%
Étape 13 1er Mads Pedersen
62%
Étape 16 1er Mads Pedersen
62%
Étape 19 1er Mads Pedersen
62%
2ème Mads Pedersen
62%
2ème Mads Pedersen
62%
2ème Mads Pedersen
62%
2ème Mads Pedersen
62%
3ème Juan Ayuso
59%
Étape 12 1er Richard Carapaz
59%
Étape 14 1er Richard Carapaz
59%
Étape 20 1er Richard Carapaz
59%
Étape 2 1er Sam Bennett
47%
Étape 3 1er Sam Bennett
47%
Étape 6 1er Jay Vine
45%
Étape 8 1er Jay Vine
45%
Étape 11 1er Kaden Groves
41%
3ème Tim Merlier
41%
3ème Tim Merlier
41%
Étape 5 1er Marc Soler
36%
2ème Marc Soler
36%
3ème Marc Soler
36%
Étape 15 1er Thymen Arensman
36%
2ème Thymen Arensman
36%
2ème Miguel Angel Lopez
34%
3ème Miguel Angel Lopez
34%
Étape 21 1er Sebastian Molano
34%
2ème Pascal Ackermann
33%
3ème Pascal Ackermann
33%
3ème Pascal Ackermann
33%
Étape 17 1er Rigoberto Uran
30%
Étape 9 1er Louis Meintjes
28%
Étape 7 1er Jesus Herrada
27%
3ème Jesus Herrada
27%
2ème Bryan Coquard
26%
2ème Fred Wright
26%
3ème Fred Wright
26%
3ème Fred Wright
26%
2ème Quentin Pacher
24%
3ème Robert Gesink
22%
2ème Danny Van Poppel
18%
3ème Danny Van Poppel
18%
3ème Remi Cavagna
18%
2ème Wilco Kelderman
16%
2ème Samuele Battistella
13%
2ème Samuele Battistella
13%
3ème Daniel McLay
12%
3ème Rein Taaramäe
9%
2ème Daryl Impey
6%
3ème Edoardo Zambanini
4%
3ème Gianni Vermeersch
4%
Aucun quiz correspondant
Distribution des résultats
% des personnes avec chaque résultat
Percentile par nombre de réponses
Votre historique - résultats
Vous n’avez pas pris ce quiz